000 00475nam a22001817a 4500
008 170612b xxu||||| |||| 00| p tur d
020 _a9753634889
041 _atur
050 _aPL248.A62
100 _aOktay, Ahmet
_9228
245 _aGözüm Seğirdi Vakitten
250 _a1. baskı
260 _aİstanbul
_bYapı Kredi Yayınları
_cMart 1996
300 _a74 sayfa
500 _aŞiir: 52 2 adet mevcuttur.
650 0 _9145
_aTürk Edebiyatı
942 _2lcc
_cBK
999 _c1112
_d1090